00932nam a22002897i 4500001000800000003001000008007000500018008004100023040003500064041000800099043000700107084000700114110005400121245002100175264001100196300002300207336002700230337003300257338002800290500001500318650002600333773007500359942000900434952017600443999001700619999000600636B-12608CO-BoFNCPt|| 090929s2008 my a f z eng d aCO-BoFNCPbspacCO-BoFNCPerda aeng amy aA-2 aThe Incorporated Society of Planters, ISP940380.13aAn ageing issue. 4c©2008 apáginas 437-439. atextobtxt2rdacontent asin mediaciónbn2rdamedia avolumenbnc2rdacarrier aEditorial. 0aEnvejecimiento.995060 aThe Planter (Malasia)gv. 84, no. 988 (2008), p.437-439wA-x0126-575x 2zc1 00102z4070a2b2d2013-10-21hThe Planter (Malasia). v. 84, no. 988 (2008), p.437-439. ST-A-, ISSN: 0126-575xl0oA-pR-12608r2013-10-21 00:00:00tEj. 1w2013-10-21y1 c26580d26580 z1